Nhạc tính câu văn trong Tùy Bút Nguyễn Tuân (Qua Tùy Bút Sông Đà)

Saved in:
Bibliographic Details
Main Author: Nguyễn Thị Thúy
Other Authors: Bùi Trọng Ngoãn GVC-TS (hướng dẫn)
Format: Book
Language:Vietnamese
Published: Đà Nẵng Trường Đại học Sư phạm 2012
Subjects:
Tags: Add Tag
No Tags, Be the first to tag this record!
Institutions: Mạng thư viện Đại học Đà Nẵng
LEADER 01418nam a2200325 4500
001 000017720
003 14146
005 20130522080558.0
008 130522s2012 viesd
041 |a vie 
082 1 4 |a 895.92283403  |b NG-T 
100 1 |a Nguyễn Thị Thúy 
245 1 0 |a Nhạc tính câu văn trong Tùy Bút Nguyễn Tuân (Qua Tùy Bút Sông Đà)  |c Nguyễn Thị Thúy ; Hướng dẫn Bùi Trọng Ngoãn  |k Báo cáo khoa học 
260 |a Đà Nẵng  |b Trường Đại học Sư phạm  |c 2012 
300 |a 45 tr.  |c 30 cm. 
500 |a Công trình tham gia hội nghị sinh viên nghiên cứu khoa học Trường Đại học Sư phạm năm 2012. Khoa Ngữ Văn 
650 0 4 |a Nhạc tính câu văn  |v Báo cáo khoa học  |x Tùy Bút Sông Đà  |y Nguyễn Tuân  |z Đà Nẵng 
653 |a Nghiên cứu khoa học 
700 1 |a Bùi Trọng Ngoãn  |c GVC-TS  |e hướng dẫn 
OWN |a LSP 
AVA |a UDN50  |b LSP  |d 895.92283403 NG-T  |e available  |t Error 5001 Not defined in file expand_doc_bib_avail.  |f 1  |g 0  |h N  |i 0  |k 1 
999 |a From the UDN01 
AVA |a UDN50  |b LSP  |d 895.92283403 NG-T  |e available  |t Error 5001 Not defined in file expand_doc_bib_avail.  |f 1  |g 0  |h N  |i 0  |k 1 
TYP |a Mixed Materials 
TYP |a Monograph 
TYP |a Printed language 
980 |a Mạng thư viện Đại học Đà Nẵng